Trang thiết bị điện bán dẫn trên ôtô - máy kéo /
Bewaard in:
| Hoofdauteur: | |
|---|---|
| Formaat: | Boek |
| Taal: | Vietnamese |
| Gepubliceerd in: |
H. :
Nông nghiệp ,
1977
|
| Editie: | In lần thứ 1 |
| Onderwerpen: | |
| Tags: |
Voeg label toe
Geen labels, Wees de eerste die dit record labelt!
|
| Thư viện lưu trữ: | Thư viện Trường CĐ Kỹ Thuật Cao Thắng |
|---|
| LEADER | 00729nam a2200217 a 4500 | ||
|---|---|---|---|
| 001 | TVCDKTCT68 | ||
| 003 | Thư viện trường Cao đẳng Kỹ thuật Cao Thắng | ||
| 005 | 20050729000000 | ||
| 008 | 050729 | ||
| 980 | \ | \ | |a Thư viện Trường CĐ Kỹ Thuật Cao Thắng |
| 024 | |a RG_1 #1 eb0 i1 | ||
| 041 | 0 | # | |a vie |
| 082 | # | # | |a 629.254 / |b NG527Đ-tr |
| 100 | 1 | # | |a Nguyễn Năng Định |
| 245 | 0 | 0 | |a Trang thiết bị điện bán dẫn trên ôtô - máy kéo / |c Nguyễn Năng Định |
| 250 | # | # | |a In lần thứ 1 |
| 260 | # | # | |a H. : |b Nông nghiệp , |c 1977 |
| 300 | # | # | |a 103tr. ; |c 18,5cm |
| 650 | # | 4 | |a Ô tô |
| 650 | # | 4 | |a Ô tô --Máy kéo |
| 650 | # | 4 | |a Điện bán dẫn |